000
00275nam a2200109Ia 4500
008
200302s9999 xx 000 0 und d
100
_a
Charles Waldheim d.
245
_a
The landscape urbanism reader
260
_b
Princeton Architectural Press
260
_c
2006
300
_a
295
999
_c
6292
_d
6292